Futurs stars sur ea fc 24 - Statistiques

Statistiques générales
  • Ce quiz a été pris 79 fois
  • Le résultat moyen est 3 sur 22
Statistiques - réponses
Note générale Réponse % Correct
90 Zaire-Emery
68%
91 Palmer
33%
96 Zidane
23%
89 Moukoko
17%
89 Nico Williams
15%
87 Diakité
10%
88 Olise
10%
93 Zico
10%
89 Hojlund
8%
88 Lewis
8%
87 Pacho
8%
88 Zirkzee
8%
91 Bacha
7%
90 Carles Puyol
7%
86 Netz
5%
91 Beckham
3%
89 Gattuso
3%
88 Le Tissier
3%
90 Nedved
3%
89 Paralluelo
3%
92 Rivaldo
3%
91 Smith
0%
Aucun quiz correspondant
Distribution des résultats
% des personnes avec chaque résultat
Percentile par nombre de réponses
Votre historique - résultats
Vous n’avez pas pris ce quiz